000 00352nam a2200145Ia 4500
008 220216s9999 xx 000 0 und d
100 _aMercykutty V.C.
245 0 _aClone identification II
260 _bRubber
_c1998
300 _a15-18
650 _aBranching habit
650 _aClones
650 _aMorphological characterisation
942 _cML
999 _c72686
_d72686